Discovering Newspapers. (Record no. 340)

MARC details
000 -LEADER
fixed length control field 00351nam a22001217a 4500
005 - DATE AND TIME OF LATEST TRANSACTION
control field 20200812145400.0
008 - FIXED-LENGTH DATA ELEMENTS--GENERAL INFORMATION
fixed length control field 200812b ||||| |||| 00| 0 eng d
020 ## - INTERNATIONAL STANDARD BOOK NUMBER
International Standard Book Number 10988
040 ## - CATALOGING SOURCE
Transcribing agency CML
245 ## - TITLE STATEMENT
Title Discovering Newspapers.
Statement of responsibility, etc. Perrott, R.B.A.
260 ## - PUBLICATION, DISTRIBUTION, ETC.
Place of publication, distribution, etc. London
Name of publisher, distributor, etc. University of London
Date of publication, distribution, etc. 1964
942 ## - ADDED ENTRY ELEMENTS (KOHA)
Source of classification or shelving scheme Dewey Decimal Classification
Koha item type Books
Edition 2nd edition
Classification part 070
Call number suffix PER
Holdings
Withdrawn status Lost status Source of classification or shelving scheme Damaged status Not for loan Collection code Home library Current library Shelving location Date acquired Total Checkouts Full call number Date last seen Copy number Price effective from Koha item type
    Dewey Decimal Classification     Generalities Chalimbana Main Library Chalimbana Main Library Generalities 08/12/2020   070.172 PER 08/12/2020 1 08/12/2020 Books

Powered by Koha